Normal view
MARC view
- Mayorga, Pablo
Entry Personal Name
001 - CONTROL NUMBER
- control field: 39798
003 - CONTROL NUMBER IDENTIFIER
- control field: OSt
005 - DATE AND TIME OF LATEST TRANSACTION
- control field: 20190919095526.0
008 - FIXED-LENGTH DATA ELEMENTS
- fixed length control field: 190919|| aca||aabn | a|a d
040 ## - CATALOGING SOURCE
- Original cataloging agency: OSt
- Transcribing agency: OSt
100 ## - HEADING--PERSONAL NAME
- Personal name: Mayorga, Pablo
670 ## - SOURCE DATA FOUND
- Source citation: Work cat.: (OSt)0: Pope, Sue. 39794, Enriching mathematics in the primary curriculum /, ©2019.
